Nuclear energy in the 21st century (Registro nro. 184539)

Detalles MARC
000 -ENCABEZADO
Número de control [NR] 01248cam a2200277 a 4500
005 - FECHA Y HORA DE LA ÚLTIMA TRANSACCIÓN
control field 20140903175025.0
008 - DE LONGITUD FIJA DE DATOS DE ELEMENTOS - INFORMACIÓN GENERAL
Elementos de longitud fija [NR] 120705s2012 enkado frn 001 0 eng d
020 ## - NUMERO INTERNACIONAL NORMALIZADO PARA LIBROS [R]
Número Internacional Normalizado del libro [NR] 9780955078453
040 ## - FUENTE DE CATALOGACION [NR]
Agencia de catalogación original [NR] Co-BoUCM
Idioma de catalogación [NR] eng
Quien Cataloga
Quien Clasifica Aldemar Mondragón
041 0# - CODIGO DE IDIOMA [R]
Código de idioma para texto/pista de sonido o título separado [R] Inglés
100 1# - ASIENTO PRINCIPAL--NOMBRE PERSONAL [NR]
Nombre personal [NR] Hore-Lacy, Ian
ID Autoridad 55026
245 10 - MENCION DE TITULO [NR]
Título [NR] Nuclear energy in the 21st century
Mención de responsabilidad, etc. [NR] Ian Hore-Lacy
246 13 - FORMA VARIANTE DEL TITULO [R]
Título propiamente dicho/forma breve del título [NR] World Nuclear University Primer
Texto a desplegar [NR] At head of title
246 3# - FORMA VARIANTE DEL TITULO [R]
Título propiamente dicho/forma breve del título [NR] Nuclear energy in the twenty first century
250 ## - MENCION DE EDICION [NR]
Mención de edición [NR] 3a ed
260 ## - PUBLICACION, DISTRIBUCION, ETC. (PIE DE IMPRENTA) [R]
Lugar de publicación, distribución, etc. [R] Londres (Inglaterra)
Nombre del editor, distribuidor, etc. [R] World Nuclear University Press
Fecha de publicación, distribución, etc. [R] 2012
300 ## - DESCRIPCION FISICA [R]
Extensión [R] viii, 135 páginas
Otros detalles físicos [NR] ilustraciones, gráficas y fotos
500 ## - NOTA GENERAL [R]
Nota general [NR] "The first edition under this title was publsihed by Elsevier and the World Nuclear University in 2006. The second edition was published by the World Nuclear University in 2012, reprinted 2011. Seven previous editions were published as Nuclear Electricity(1978-2003)"--T.p. verso.
500 ## - NOTA GENERAL [R]
Nota general [NR] Incluye índice
650 #7 - ASIENTO SECUNDARIO DE MATERIA - TERMINO TEMATICO [R]
Término temático o nombre geográfico como elemento de entrada [NR] Centrales nucleares
9 (RLIN) 55027
650 #7 - ASIENTO SECUNDARIO DE MATERIA - TERMINO TEMATICO [R]
Término temático o nombre geográfico como elemento de entrada [NR] Energía nuclear
Subdivisión geográfica [R] Australia
9 (RLIN) 55028
650 #7 - ASIENTO SECUNDARIO DE MATERIA - TERMINO TEMATICO [R]
Término temático o nombre geográfico como elemento de entrada [NR] Industria nuclear
9 (RLIN) 54955
690 ## - ASUNTO AGREGADO LOCAL DE ENTRADA - TÉRMINO TEMÁTICO (OCLC, RLIN)
9 (RLIN) 42795
Acceso temático local Economía
942 ## - ELEMENTOS DE ENTRADA AGREGADOS (KOHA)
Tema principal Economía
Tipo de ítem principal el descrito en 300a Libro
Edición 3
Parte restante de la signatura top. H811
Sistema de clasificación DEWEY
Clasificación 333.7924
Existencias
Fecha de último préstamo Total préstamos Total Renewals Signatura topográfica Código de barras Última vez visto Volúmen / Fascículo Ejemplar Costo de reposición Price effective from Tipo de ítem Perdido Sistema de clasificación Dañado No prestable Tipo de ítem específico Suprimido Ubicación habitual Ubicación actual Localización Fecha de creación Proveedor Forma de adquisición Costo
22/01/2024 4 3 333.7924 H811 100139949 03/12/2025 3a.Ed. Ej.1 71700.00 14/01/2014 Libro   DEWEY     Libro   Claustro Claustro 4to piso 14/01/2014 15 Compra 71700.00